Gazela : 1.1.2005. 32
Uložené v:
| Korporatívny autor: | |
|---|---|
| Médium: | Kniha |
| Jazyk: | Czech English Slovak |
| Vydané: |
Praha :
Zoologická zahrada,
[2004]
|
| Vydanie: | [1. vyd.] |
| Témy: | |
| ISBN: |
8085126524 (brož.) |
| Fyzický popis: |
191 s. : fareb. fotogr., tab. ; 24 cm |
| Tagy: |
Pridať tag
Žiadne tagy, Buďte prvý kto otaguje tento záznam!
|
Titul je dostupný aj v ... 

MARC
| LEADER | 00000nam a2200000 a 4500 | ||
|---|---|---|---|
| 001 | 000016640 | ||
| 005 | 20060105090058.0 | ||
| 008 | 051116s2004 xr a e ba 001 0 czeo | ||
| 020 | |a 8085126524 (brož.) | ||
| 040 | |a SVKKK |b slo |c SVKKK |e AACR2 | ||
| 041 | 0 | |a cze |a eng |a slo |b eng | |
| 044 | |a xr |c CZ | ||
| 072 | 7 | |a 59 |x Zoológia |2 konspekt | |
| 080 | |a 59 |2 1997 | ||
| 080 | |a 636.025 |2 1997 | ||
| 080 | |a (437.3) |2 1997 | ||
| 080 | |a (082) |2 1997 | ||
| 245 | 0 | 0 | |a Gazela : |b 1.1.2005. |n 32 |
| 250 | |a [1. vyd.] | ||
| 260 | |a Praha : |b Zoologická zahrada, |c [2004] | ||
| 300 | |a 191 s. : |b fareb. fotogr., tab. ; |c 24 cm | ||
| 366 | |e 1000 výtl. | ||
| 500 | |a Čiast. text angl., slov. | ||
| 504 | |a Bibl. odkazy. Resumé angl. Menný register | ||
| 521 | |a Publikácia je určená pre odbor. prac. zaoberajúc. sa problem. zoolog. záhrad | ||
| 610 | 2 | 7 | |a Zoologická zahrada (Praha, Česko) |2 SVKKKA |
| 650 | 0 | 7 | |a zoológia |2 SVKKKPH |
| 650 | 0 | 7 | |a zoologické záhrady |z Česko |2 SVKKKPH |
| 655 | 7 | |a zborníky |2 SVKKKPH | |
| 710 | 2 | |a Zoologická zahrada (Praha, Česko) |4 aut | |
| 919 | |a 80-85126-52-4 | ||
| 998 | |a BK | ||
| 090 | |g SCKHL |k Sklad Pribinova prízemie |a IV.194304 |j 973095 |i 2720062051 |s Absenčne | ||